[Event "Tourn. n8128"]
[Site "www.chess-mail.com"]
[Date "2015.07.20"]
[Round "1"]
[White "Powerchess"]
[Black "Azulmarino"]
[WhiteElo "1400"]
[BlackElo "1570"]
[Result "0-1"]
[Round "1"]
1.d4 d5
2.c4 Nb8c6
3.cxd5 Qd8xd5
4.e3 Bc8f5
5.Nb1c3 Qd5a5
6.Bc1d2 Nc6b4
7.Ra1c1 Nb4d3
8.Bf1xd3 Bf5xd3
9.Ng1e2 Bd3f5
10.O-O Bf5d3
11.Rf1e1 e6
12.Ne2f4 Bd3f5
13.a3 Bf8d6
14.Nc3e4 Qa5b6
15.Ne4xd6 Qb6xd6
16.Bd2b4 Qd6d8
17.Qd1b3 Bf5e4
18.f3 Be4d5
19.Nf4xd5 exd5
20.e4 Ng8f6
21.exd5 Kd7
22.Re1e7 Kc8
23.d6 c6
24.Bb4a5 Qd8xd6
25.Re7xf7 b6
26.Rf7xg7 Nf6d5
27.Rg7g5 bxa5
28.Rg5xd5 Ra8b8
29.Rd5xd6 Rb8xb3
30.Rc1xc6 Kb7
31.d5 Rb3xb2
32.Rd6d7 Kb8
33.Rc6c7 Rh8e8
{ resign }
0-1

[Event "Tourn. n8128"]
[Site "www.chess-mail.com"]
[Date "2015.07.20"]
[Round "1"]
[White "Passaroa25"]
[Black "Powerchess"]
[WhiteElo "1590"]
[BlackElo "1400"]
[Result "1-0"]
[Round "1"]
1.e4 g6
2.Ng1e2 Bf8g7
3.Ne2g3 c5
4.c3 d6
5.d3 Nb8c6
6.Nb1d2 Ng8f6
7.f3 O-O
8.Bf1e2 b5
9.b3 Bc8b7
10.O-O a6
11.Bc1b2 Qd8c7
12.Kh1 a5
13.Qd1c2 Qc7b6
14.Rf1e1 a4
15.Bb2c1 axb3
16.Nd2xb3 e5
17.Bc1b2 Ra8a7
18.Qc2d1 Rf8a8
19.a3 h6
20.Bb2c1 b4
21.Bc1d2 bxc3
22.Bd2xc3 Nc6d4
23.Bc3xd4 cxd4
24.Qd1c2 Ra7xa3
25.Ra1xa3 Ra8xa3
26.Nb3a1 Ra3c3
27.Re1b1 Qb6c6
28.Qc2d1 d5
29.Na1b3 dxe4
30.Nb3a5 { resign }
1-0

[Event "Tourn. n8253"]
[Site "www.chess-mail.com"]
[Date "2015.07.20"]
[Round "1"]
[White "A27l"]
[Black "Gatrooper"]
[WhiteElo "1130"]
[BlackElo "1200"]
[Result "0-1"]
[Round "1"]
1.e4 e5
2.d3 d6
3.h3 h6
4.Ng1f3 Nb8c6
5.Bf1e2 Ng8f6
6.O-O a6
7.Nf3h2 Nc6d4
8.c3 Nd4xe2
9.Qd1xe2 Bc8e6
10.Bc1e3 Bf8e7
11.c4 Qd8d7
12.f3 g5
13.g4 O-O-O
14.Nb1c3 h5
15.Nc3d5 Be6xd5
16.cxd5 hxg4
17.fxg4 Rh8xh3
18.Be3xg5 Rd8h8
19.Bg5xf6 Be7xf6
20.Rf1f2 Bf6h4
21.Rf2g2 Bh4g3
22.Ra1d1 { time. }
0-1

[Event "Tourn. n8200"]
[Site "www.chess-mail.com"]
[Date "2015.07.20"]
[Round "1"]
[White "Albertf"]
[Black "Anja"]
[WhiteElo "1710"]
[BlackElo "1680"]
[Result "0-1"]
[Round "1"]
1.d4 f5
2.c4 Ng8f6
3.Nb1c3 g6
4.e3 Bf8g7
5.Ng1f3 O-O
6.Bf1d3 c6
7.O-O Qd8e8
8.Rf1e1 d6
9.b3 e5
10.dxe5 dxe5
11.Bd3c2 Nb8d7
12.Bc1b2 e4
13.Nf3d4 Nd7e5
14.Nd4e2 Bc8e6
15.Qd1d4 Nf6d7
16.Re1d1 Ne5f3
{ resign }
0-1

[Event "Tourn. n8033"]
[Site "www.chess-mail.com"]
[Date "2015.07.20"]
[Round "1"]
[White "Samael"]
[Black "Julian"]
[WhiteElo "2090"]
[BlackElo "1950"]
[Result "0-1"]
[Round "1"]
1.e4 c5
2.Ng1f3 d6
3.Nb1c3 e6
4.Bf1e2 Nb8c6
5.O-O Ng8f6
6.d3 Bf8e7
7.h3 O-O
8.Bc1d2 a6
9.a3 b5
10.Nc3a2 Bc8b7
11.Nf3h2 Ra8c8
12.Nh2g4 Nc6d4
13.Ng4xf6 Be7xf6
14.Bd2c3 d5
15.Bc3xd4 cxd4
16.f3 dxe4
17.fxe4 Bf6e5
18.Na2c1 f5
19.exf5 Qd8g5
20.Be2f3 Bb7xf3
21.Rf1xf3 Rf8xf5
22.Rf3xf5 exf5
23.Nc1e2 f4
24.Qd1f1 Rc8xc2
25.b4 Rc2d2
26.Ne2c1 Qg5g3
27.Ra1a2 Rd2xa2
28.Nc1xa2 f3
29.Qf1xf3 Qg3h2
30.Kf2 Be5f4
31.Ke2 Bf4e3
32.Qf3d5 Kf8
33.Qd5d8 Kf7
34.Qd8d7 Kf6
35.Qd7c6 Kf7
36.Qc6d7 Kg6
37.Qd7e6 Kh5
38.Qe6f5 Kh6
39.Qf5f3 Qh2g1
40.Qf3f1 Qg1h2
41.Kd1 Qh2c7
42.Qf1e2 Qc7f7
43.Na2c1 Qf7c7
44.Qe2c2 Qc7h2
45.Qc2c6 g6
46.Kc2 Qh2g1
47.Nc1e2 Qg1a1
48.Qc6d5 Qa1xa3
49.Qd5b3 Qa3xb3
50.Kxb3 Kg5
51.g3 h5
52.Kc2 Kf5
53.Kd1 g5
54.Kc2 Ke5
55.Kd1 Kd6
56.Kc2 Kc6
57.Kd1 Kb6
58.Kc2 a5
59.bxa5 Kxa5
60.Kb3 Kb6
61.Kb4 Kc6
62.Ka3 Kc5
63.Kb3 h4
64.Kc2 Kb4
65.Kb2 Be3f2
66.gxh4 gxh4
 { time }
0-1

[Event "Tourn. n8265"]
[Site "www.chess-mail.com"]
[Date "2015.07.20"]
[Round "1"]
[White "Guidom"]
[Black "Amaya"]
[WhiteElo "2070"]
[BlackElo "1920"]
[Result "1/2-1/2"]
[Round "1"]
1.e4 e6
2.d4 d5
3.exd5 Qd8xd5
4.Nb1c3 Bf8b4
5.Qd1d3 Nb8c6
6.Bc1e3 b6
7.a3 Bb4xc3
8.Qd3xc3 Ng8f6
9.Ng1f3 Nf6e4
10.Qc3d3 a5
11.c4 Qd5f5
12.Bf1e2 Bc8b7
13.O-O Qf5g6
14.d5 exd5
15.cxd5 Bb7a6
16.Qd3d1 Ba6xe2
17.Qd1xe2 O-O
18.dxc6 Qg6xc6
19.Ra1c1 Qc6d6
20.Be3f4 Qd6xf4
21.g3 Qf4g4
22.Rc1xc7 Rf8e8
23.Qe2d3 Ra8d8
24.Qd3b3 Re8e6
25.Nf3d4 Ne4d2
26.Nd4xe6 Nd2xb3
27.Ne6xd8 h6
28.Nd8xf7 Nb3d2
29.Rf1c1 Nd2f3
30.Kg2 Nf3h4
31.Kf1 Qg4h3
32.Ke1 Nh4f3
33.Ke2 Nf3d4
34.Ke1 Nd4f3
35.Ke2 Nf3d4
36.Ke1 Nd4f3
37.Ke2 Nf3d4
{ draw }
1/2-1/2

[Event "Tourn. n8265"]
[Site "www.chess-mail.com"]
[Date "2015.07.20"]
[Round "1"]
[White "Amaya"]
[Black "Fkarpov"]
[WhiteElo "1920"]
[BlackElo "2060"]
[Result "0-1"]
[Round "1"]
1.d4 Ng8f6
2.e3 e6
3.Bf1d3 Nb8c6
4.c3 Bf8e7
5.f4 O-O
6.Ng1f3 d6
7.Nb1d2 a6
8.O-O e5
9.fxe5 dxe5
10.Nd2e4 exd4
11.exd4 Bc8g4
12.h3 Bg4h5
13.Qd1e1 Nf6d5
14.Bc1g5 f6
15.Bg5d2 Bh5g6
16.Qe1g3 f5
17.Ne4g5 f4
18.Qg3e1 Bg6xd3
19.Qe1h4 h6
20.Ng5e6 Be7xh4
21.Ne6xd8 Bh4xd8
22.Nf3e5 Nc6xe5
23.dxe5 c6
24.Rf1e1 Bd8h4
25.Re1c1 Nd5e3
26.Bd2xe3 fxe3
{ resign }
0-1

[Event "Tourn. n8161"]
[Site "www.chess-mail.com"]
[Date "2015.07.20"]
[Round "1"]
[White "Hansen"]
[Black "Alexgabib"]
[WhiteElo "1440"]
[BlackElo "1499"]
[Result "1-0"]
[Round "1"]
1.e4 e6
2.Bf1c4 d5
3.exd5 exd5
4.Bc4b5 Bc8d7
5.Bb5d3 Ng8f6
6.h3 Bf8c5
7.Ng1f3 Nb8c6
8.Nb1c3 O-O
9.Nf3g5 Rf8e8
10.Bd3e2 Bd7f5
11.g4 Bf5g6
12.d3 Bc5b4
13.a3 Bb4xc3
14.bxc3 d4
15.c4 Qd8d6
16.Ra1b1 b6
17.Rb1b5 Re8e7
18.c5  { time }
1-0

[Event "Tourn. n8161"]
[Site "www.chess-mail.com"]
[Date "2015.07.20"]
[Round "1"]
[White "Julianlore"]
[Black "Alexgabib"]
[WhiteElo "1499"]
[BlackElo "1499"]
[Result "1-0"]
[Round "1"]
1.e4 e6
2.d4 d5
3.e5 c5
4.c3 Nb8c6
5.Ng1f3 b6
6.Bf1d3 cxd4
7.cxd4 Bf8b4
8.Nb1c3 Ng8e7
9.O-O Ne7g6
10.Bc1g5 Bb4e7
11.Bg5xe7 Qd8xe7
12.Ra1c1 Bc8d7
13.Nc3b5 O-O
14.Nb5d6 Nc6b4
15.Bd3xg6 fxg6
16.Qd1d2 Nb4c6
17.Rc1c3 Nc6d8
18.Qd2g5 Qe7xg5
19.Nf3xg5  { time }
1-0

[Event "Tourn. n8039"]
[Site "www.chess-mail.com"]
[Date "2015.07.20"]
[Round "1"]
[White "Samael"]
[Black "Groz"]
[WhiteElo "2090"]
[BlackElo "1809"]
[Result "1/2-1/2"]
[Round "1"]
1.e4 c6
2.Ng1f3 g6
3.Nb1c3 Bf8g7
4.d3 Ng8h6
5.Bf1e2 O-O
6.O-O d6
7.Bc1d2 f5
8.Qd1c1 Nh6f7
9.Nf3g5 e5
10.Ng5xf7 Rf8xf7
11.Bd2h6 f4
12.Bh6xg7 Kxg7
13.Kh1 Nb8d7
14.f3 g5
15.Qc1e1 h5
16.a3 Nd7f6
17.Ra1d1 g4
18.b3 Qd8h8
19.a4 Qh8h6
20.Qe1h4 Kg6
21.Rf1g1 Qh6g5
22.Qh4xg5 Kxg5
23.g3 Bc8e6
24.Rd1f1 d5
25.Nc3d1 Ra8h8
26.Kg2 h4
27.gxf4 exf4
28.fxg4 h3
29.Kf2 Rh8h4
30.Ke1 dxe4
31.dxe4 Nf6xe4
32.Be2f3 Ne4f6
33.Nd1f2 Be6xg4
34.Bf3xg4 Nf6xg4
35.Nf2xg4 Rh4xg4
36.Kf2 f3
37.Rg1xg4 Kxg4
38.Rf1g1 Kf4
39.Rg1g3 Ke4
40.Rg3xh3 a5
41.Rh3h4 Kd5
42.Rh4h5 Ke4
43.Rh5xa5 Rf7h7
44.Ra5c5 Rh7xh2
45.Kf1 Rh2h1
46.Kf2 Rh1h2
47.Ke1 Rh2h1
48.Kf2 Rh1h2
49.Kf1 Rh2h1
50.Kf2 Rh1h2
51.Kf1 
1/2-1/2

[Event "Tourn. n8263"]
[Site "www.chess-mail.com"]
[Date "2015.07.20"]
[Round "1"]
[White "Mitja"]
[Black "Crull"]
[WhiteElo "1660"]
[BlackElo "1830"]
[Result "1-0"]
[Round "1"]
1.d4 Ng8f6
2.e3 d5
3.h3 Nb8c6
4.Ng1f3 a6
5.c3 Bc8f5
6.Nb1d2 e6
7.Nf3h4 Bf5e4
8.Nh4f3 Bf8d6
9.Nd2xe4 Nf6xe4
10.Bf1d3 O-O
11.Nf3d2 Ne4xf2
12.Kxf2 Qd8h4
13.Kg1 Bd6g3
14.Nd2f3 Bg3f2
15.Kf1 Qh4g3
16.Qd1c2 Bf2xe3
17.Bc1xe3 f5
18.Be3f2 Qg3g6
19.Ra1e1 Ra8e8
20.Rh1g1 b5
21.Ke2 Qg6h5
22.Kd1 Nc6a5
23.Kc1 Qh5h6
24.Kb1 c6
25.b4 Na5b7
26.Nf3e5 Re8e7
{ time. }
1-0

[Event "Tourn. n8263"]
[Site "www.chess-mail.com"]
[Date "2015.07.20"]
[Round "1"]
[White "Wildtiger"]
[Black "Mitja"]
[WhiteElo "1620"]
[BlackElo "1660"]
[Result "0-1"]
[Round "1"]
1.e4 d5
2.exd5 Qd8xd5
3.Nb1c3 Qd5d8
4.d4 Ng8f6
5.Ng1f3 e6
6.Bc1g5 c6
7.Bf1d3 h6
8.Bg5xf6 Qd8xf6
9.O-O Bf8b4
10.a3 Bb4xc3
11.bxc3 Nb8d7
12.Rf1e1 O-O
13.Nf3e5 Nd7xe5
14.dxe5 Qf6e7
15.Qd1g4 Qe7c5
16.Qg4e4 g6
17.h4 h5
18.Re1e3 Kh7
19.g4 hxg4
20.h5 Rf8g8
21.Kg2 Kg7
22.hxg6 Qc5d5
23.gxf7 Kxf7
24.Qe4xd5 cxd5
25.Re3g3 Bc8d7
26.Bd3e2 Ra8f8
27.Rg3xg4 Rg8xg4
28.Be2xg4 Rf8g8
29.Kf3 b5
30.a4 bxa4
31.Bg4h5 Ke7
32.Ra1a3 Rg8g5
33.Bh5g4 Rg5xe5
34.Kg3 Kf6
35.f4 Re5e4
36.Kf3 Re4c4
37.Ke3 a6
38.Bg4h3 Bd7e8
39.Bh3f1 Rc4c6
40.Kd4 Kf5
41.c4 dxc4
42.c3 Rc6d6
43.Kxc4 Be8b5
44.Kc5 Rd6d5
45.Kb4 Bb5xf1
46.Ra3xa4 Kxf4
47.Ka3 Ke3
48.c4 Rd5d6
49.c5 Rd6c6
50.Kb4 e5
51.Ra4a2 e4
52.Ra2h2 Kd3
53.Rh2h7 e3
54.Rh7h3 { time. }
0-1

[Event "Tourn. n8292"]
[Site "www.chess-mail.com"]
[Date "2015.07.20"]
[Round "1"]
[White "Scasan55"]
[Black "Silent1"]
[WhiteElo "1930"]
[BlackElo "1960"]
[Result "1/2-1/2"]
[Round "1"]
1.e4 c5
2.c3 e5
3.d4 exd4
4.cxd4 cxd4
5.Qd1xd4 Nb8c6
6.Qd4d1 Bf8e7
7.Ng1f3 d6
8.Bf1b5 Bc8d7
9.O-O Ng8f6
10.Nb1c3 a6
11.Bb5xc6 Bd7xc6
12.Rf1e1 O-O
13.Bc1g5 h6
14.Bg5xf6 Be7xf6
15.Ra1c1 Bf6e5
16.b3 Be5xc3
17.Rc1xc3 Ra8c8
18.Rc3d3 Qd8a5
19.a4 Rc8d8
20.Nf3d4 Qa5e5
21.Nd4xc6 bxc6
22.Qd1d2 Rd8d7
23.f3 Rf8d8
24.f4 Qe5c5
25.Kh1 Qc5b6
26.f5 f6
27.Re1d1 Qb6c7
28.Qd2c3 Kh7
29.Rd3d2 c5
30.Qc3g3 Qc7c6
31.Rd2d5 c4
32.bxc4 Qc6xc4
33.Rd5d4 Qc4c6
34.h3 Kh8
{ draw }
1/2-1/2

[Event "Tourn. n8263"]
[Site "www.chess-mail.com"]
[Date "2015.07.20"]
[Round "1"]
[White "Mitja"]
[Black "Zazi"]
[WhiteElo "1660"]
[BlackElo "1630"]
[Result "1-0"]
[Round "1"]
1.d4 d5
2.e3 Ng8f6
3.h3 e6
4.Ng1f3 Nf6e4
5.a3 Bf8d6
6.Nb1d2 c6
7.Bf1d3 Qd8f6
8.Nd2xe4 Qf6e7
9.Ne4xd6 Qe7xd6
10.c3 O-O
11.Bd3c2 Nb8d7
12.Qd1d3 g6
13.h4 Nd7f6
14.h5 Nf6xh5
15.Rh1xh5 f5
16.Rh5h1 b5
17.Nf3e5 Bc8a6
18.b3 Ra8c8
19.a4 c5
20.axb5 Ba6b7
21.Ra1xa7 Rc8b8
22.Bc1a3 Rf8c8
23.Ba3xc5 Qd6d8
24.g4 Qd8g5
25.gxf5 exf5
26.Ne5d7 Rb8a8
27.b6 Ra8xa7
28.bxa7 Qg5d8
29.Nd7b6 Rc8c6
30.Qd3b5 Rc6xc5
31.Qb5xc5 Kg7
32.Qc5a5 h5
33.a8Q Bb7xa8
34.Qa5xa8 Qd8xb6
35.Qa8xd5 Qb6a7
36.Kd2 Kh6
37.Qd5d6 Qa7b7
38.Rh1g1 Qb7g7
39.Bc2xf5 Kh7
40.Bf5xg6 Qg7xg6
41.Qd6xg6 { resign }
1-0

[Event "Tourn. n8106"]
[Site "www.chess-mail.com"]
[Date "2015.07.20"]
[Round "1"]
[White "Glenno"]
[Black "Emmanuelasi"]
[WhiteElo "2360"]
[BlackElo "2340"]
[Result "1/2-1/2"]
[Round "1"]
1.e4 Nb8c6
2.d4 e5
3.d5 Nc6e7
4.Ng1f3 Ne7g6
5.Nb1c3 Bf8b4
6.Bc1d2 Ng8f6
7.Bf1d3 O-O
8.O-O d6
9.a3 Bb4xc3
10.Bd2xc3 Bc8g4
11.Bc3d2 a5
12.Bd2g5 h6
13.Bg5e3 b6
14.h3 Bg4c8
15.Rf1e1 Nf6d7
16.Ra1c1 Qd8f6
17.Qd1d2 Nd7c5
18.Kh2 a4
19.Re1g1 Bc8d7
20.Rg1d1 Rf8e8
21.Rc1b1 Kh7
22.Rd1e1 Re8g8
23.Rb1d1 Rg8f8
24.Re1e2 Rf8e8
25.Re2e1 Re8b8
26.c4 Nc5xd3
27.Qd2xd3 Ng6f4
28.Be3xf4 Qf6xf4
29.g3 Qf4f6
30.Re1e3 Bd7c8
31.b4 Bc8d7
32.Re3e2 Rb8f8
33.Re2d2 Qf6g6
34.Nf3h4 Qg6h5
35.f3 Bd7xh3
36.Kxh3 g5
37.g4 Qh5xh4
38.Kg2 Kg7
39.Rd1h1 Qh4xh1
40.Kxh1 Rf8h8
41.Rd2h2 Kg6
42.Rh2h5 Rh8h7
43.Qd3e2 Kg7
44.Qe2d2 Kg6
45.Rh5h3 Kg7
46.Qd2c2 Kg6
47.Qc2d1 Kg7
48.Rh3h2 Kg6
49.Rh2d2 Kg7
{ draw }
1/2-1/2

[Event "Tourn. n8186"]
[Site "www.chess-mail.com"]
[Date "2015.07.20"]
[Round "1"]
[White "Chtoubidou"]
[Black "Falcoale"]
[WhiteElo "1920"]
[BlackElo "1830"]
[Result "0-1"]
[Round "1"]
1.d4 Ng8f6
2.Ng1f3 e6
3.Bc1f4 b6
4.e3 Bc8b7
5.Nb1c3 Bf8b4
6.Bf1e2 Nf6e4
7.O-O Ne4xc3
8.bxc3 Bb4xc3
9.Ra1b1 O-O
10.Qd1d3 Bc3a5
11.c4 Nb8c6
12.a3 Nc6e7
13.e4 Bb7a6
14.Qd3c2 d5
15.cxd5 Ba6b7
16.Qc2xc7 Qd8xc7
17.Bf4xc7 exd5
18.e5 Ra8c8
19.Bc7d6 Rf8e8
20.Be2b5 Ne7f5
21.Bb5xe8 Rc8xe8
22.Rf1c1 Nf5xd6
23.Rc1c7 b5
24.Kf1 Ba5xc7
{ resign }
0-1

[Event "Tourn. n8219"]
[Site "www.chess-mail.com"]
[Date "2015.07.20"]
[Round "1"]
[White "Sonivano"]
[Black "Ciappo"]
[WhiteElo "2320"]
[BlackElo "2510"]
[Result "0-1"]
[Round "1"]
1.e4 e6
2.d4 d5
3.Nb1d2 c5
4.exd5 exd5
5.dxc5 Bf8xc5
6.Nd2b3 Bc5b6
7.Ng1f3 Ng8f6
8.Bf1b5 Nb8c6
9.O-O O-O
10.Bc1g5 h6
11.Bg5h4 a6
12.Bb5e2 Rf8e8
13.h3 Bc8f5
14.c3 Ra8c8
15.Rf1e1 Qd8d6
16.Bh4g3 Qd6xg3
{ resign }
0-1

[Event "Tourn. n8142"]
[Site "www.chess-mail.com"]
[Date "2015.07.20"]
[Round "1"]
[White "Falcoale"]
[Black "Syd"]
[WhiteElo "2010"]
[BlackElo "2180"]
[Result "1-0"]
[Round "1"]
1.e4 c5
2.Ng1f3 e6
3.d4 cxd4
4.Nf3xd4 Ng8f6
5.Nb1c3 Nb8c6
6.Bc1g5 Nc6xd4
7.Qd1xd4 Bf8e7
8.O-O-O O-O
9.h4 Qd8a5
10.e5 Be7c5
11.Qd4a4 Qa5xa4
12.Nc3xa4 Nf6e4
13.Na4xc5 Ne4xc5
14.Bg5e7 Nc5e4
15.Be7xf8 Ne4xf2
16.Bf8b4 Nf2xh1
17.Bf1b5 Nh1f2
18.Rd1d4 a6
19.Bb5xd7 Bc8xd7
20.Rd4xd7 Nf2g4
21.Rd7xb7 Ng4xe5
22.Bb4d6 Ne5g6
23.g3  { time }
1-0

[Event "Tourn. n8142"]
[Site "www.chess-mail.com"]
[Date "2015.07.20"]
[Round "1"]
[White "Syd"]
[Black "Difficult"]
[WhiteElo "2180"]
[BlackElo "2090"]
[Result "0-1"]
[Round "1"]
1.e4 c5
2.Nb1c3 a6
3.a4 Nb8c6
4.f4 d6
5.Ng1f3 e6
6.d3 Bf8e7
7.g3 d5
8.e5 Ng8h6
9.Bf1g2 O-O
10.O-O Ra8b8
11.Bc1d2 b5
12.axb5 axb5
13.h3 Nh6f5
14.g4 Nf5d4
15.Nf3xd4 Nc6xd4
16.Nc3e2 Nd4xe2
17.Qd1xe2 Bc8d7
18.f5 Be7g5
19.Bd2xg5 Qd8xg5
20.Qe2f2 exf5
21.gxf5 d4
22.Ra1a7 Bd7c6
 { time }
0-1

[Event "Tourn. n8077"]
[Site "www.chess-mail.com"]
[Date "2015.07.20"]
[Round "1"]
[White "Aperturaf"]
[Black "Emmanuelasi"]
[WhiteElo "2330"]
[BlackElo "2250"]
[Result "1-0"]
[Round "1"]
1.e4 Nb8c6
2.Ng1f3 e5
3.Bf1b5 Ng8f6
4.O-O Nf6xe4
5.d4 Ne4d6
6.Bb5xc6 dxc6
7.dxe5 Nd6f5
8.Qd1xd8 Kxd8
9.Nb1c3 Bf8e7
10.Rf1d1 Ke8
11.Bc1g5 Be7xg5
12.Nf3xg5 h6
13.Ng5f3 Bc8e6
14.b3 Ra8d8
15.h3 Rd8d7
16.Rd1xd7 Kxd7
17.Ra1d1 Kc8
18.Nc3a4 b6
19.c4 Rh8d8
20.Rd1xd8 Kxd8
21.Kf1 Kd7
22.Na4c3 Nf5e7
23.Ke2 Be6f5
24.Nf3d4 Bf5h7
25.f4 Ne7f5
26.Nd4xf5 Bh7xf5
27.g4 Bf5h7
28.f5 g6
29.Nc3e4 gxf5
30.Ne4f6 Ke6
31.Nf6xh7 fxg4
32.hxg4 Kxe5
33.Ke3 f5
{ time. }
1-0

[Event "Tourn. n8213"]
[Site "www.chess-mail.com"]
[Date "2015.07.20"]
[Round "1"]
[White "Asoka"]
[Black "Pgcbies"]
[WhiteElo "2610"]
[BlackElo "2670"]
[Result "1-0"]
[Round "1"]
1.c4 Ng8f6
2.Nb1c3 e5
3.Ng1f3 Nb8c6
4.e4 Bf8b4
5.d3 d6
6.a3 Bb4c5
7.Bf1e2 a5
8.O-O O-O
9.Bc1e3 Rf8e8
10.Nc3d5 h6
11.h3 Bc8d7
12.Qd1c2 a4
13.Qc2c3 Nc6a7
14.Be3xc5 Nf6xd5
15.cxd5 Na7b5
16.Qc3c2 dxc5
17.Qc2xc5 c6
18.dxc6 Bd7xc6
19.Ra1c1 Qd8e7
20.Qc5b6 f6
21.Rc1c4 Re8d8
22.Rc4b4 Qe7e8
23.Rf1c1 Kh8
24.Be2d1 Rd8d6
25.Rb4xb5 { resign }
1-0

[Event "Tourn. n8215"]
[Site "www.chess-mail.com"]
[Date "2015.07.20"]
[Round "1"]
[White "Generalfree"]
[Black "Anja"]
[WhiteElo "1780"]
[BlackElo "1780"]
[Result "1-0"]
[Round "1"]
1.d4 f5
2.f3 Ng8f6
3.c4 g6
4.Bc1g5 Bf8g7
5.e3 O-O
6.Nb1c3 d6
7.b3 Qd8e8
8.Bf1d3 e5
9.dxe5 Qe8xe5
10.Ng1e2 h6
11.f4 Qe5xe3
12.Bg5xf6 Bg7xf6
13.Nc3d5 Qe3c5
14.b4 Qc5c6
15.b5 Qc6c5
16.Ra1b1 Bc8e6
17.Ne2c3 Rf8e8
18.Nd5xf6  { time }
1-0

[Event "Tourn. n8215"]
[Site "www.chess-mail.com"]
[Date "2015.07.20"]
[Round "1"]
[White "Generalfree"]
[Black "Pariolinius"]
[WhiteElo "1780"]
[BlackElo "1770"]
[Result "0-1"]
[Round "1"]
1.d4 f5
2.Ng1f3 Ng8f6
3.Bc1g5 d6
4.Bg5xf6 exf6
5.e3 d5
6.c3 Bf8d6
7.g3 Nb8c6
8.Bf1b5 Bc8d7
9.b4 a6
10.Bb5d3 Qd8e7
11.Nb1d2 O-O-O
12.Qd1e2 Rd8e8
13.b5 axb5
14.Bd3xb5 Nc6a7
15.Bb5d3 Qe7f7
16.Nf3h4 g6
17.f4 Re8xe3
18.Qe2xe3 Rh8e8
19.Bd3e4 fxe4
20.O-O Bd7b5
21.Rf1b1 Bb5d3
22.Rb1b3 Na7c6
23.a4 Nc6a5
24.Rb3b2 Na5c4
25.Nd2xc4 Bd3xc4
26.Ra1b1 b6
27.g4 Bc4d3
28.Rb1a1 Kd7
29.Nh4f3 Bd3c4
30.Nf3d2 f5
31.gxf5 gxf5
32.Nd2xc4 dxc4
33.a5 bxa5
34.Ra1xa5 Re8g8
35.Kh1 Qf7h5
36.Rb2g2 Qh5d1
37.Qe3g1 Qd1f3
38.Ra5xf5 e3
39.Rf5f7 Kc6
40.Rf7xh7 e2
{ resign }
0-1

[Event "Tourn. n8221"]
[Site "www.chess-mail.com"]
[Date "2015.07.20"]
[Round "1"]
[White "Difficult"]
[Black "Biagio"]
[WhiteElo "2030"]
[BlackElo "2040"]
[Result "0-1"]
[Round "1"]
1.e4 c6
2.d4 d5
3.exd5 cxd5
4.Bf1d3 Nb8c6
5.c3 Ng8f6
6.Ng1f3 Bc8g4
7.O-O e6
8.Nb1d2 Bf8d6
9.h3 Bg4h5
10.Rf1e1 Qd8c7
11.Bd3e2 O-O
 { time }
0-1

[Event "Tourn. n8221"]
[Site "www.chess-mail.com"]
[Date "2015.07.20"]
[Round "1"]
[White "Difficult"]
[Black "Francesco"]
[WhiteElo "2030"]
[BlackElo "2080"]
[Result "0-1"]
[Round "1"]
1.d4 d5
2.c4 c6
3.cxd5 cxd5
4.Nb1c3 Bc8f5
5.Ng1f3 e6
6.Qd1b3 b6
7.Nf3e5 Ng8f6
8.Bc1g5 Bf8e7
9.e3 O-O
10.Bf1e2 Nb8d7
 { time }
0-1

[Event "Tourn. n8205"]
[Site "www.chess-mail.com"]
[Date "2015.07.20"]
[Round "1"]
[White "Cathar"]
[Black "Seger"]
[WhiteElo "2340"]
[BlackElo "2670"]
[Result "0-1"]
[Round "1"]
1.e4 c5
2.Ng1f3 d6
3.d4 cxd4
4.Nf3xd4 Ng8f6
5.Nb1c3 Nb8c6
6.Bf1c4 e6
7.Bc1e3 Bf8e7
8.Bc4b3 O-O
9.f4 e5
10.Nd4f3 Nf6g4
11.Be3d2 a5
12.a3 Bc8e6
13.Nc3d5 a4
14.Bb3a2 Be6xd5
15.Ba2xd5 Be7f6
16.f5 Qd8b6
17.Qd1e2 Nc6e7
18.Bd5a2 d5
19.O-O-O dxe4
20.Qe2xe4 Ng4f2
{ resign }
0-1

[Event "Tourn. n8198"]
[Site "www.chess-mail.com"]
[Date "2015.07.20"]
[Round "1"]
[White "Theos666"]
[Black "Hansen"]
[WhiteElo "1300"]
[BlackElo "1400"]
[Result "0-1"]
[Round "1"]
1.d4 d5
2.g3 Ng8f6
3.b3 h6
4.f3 Nb8c6
5.Bc1b2 a6
6.e3 e5
7.Bf1g2 exd4
8.exd4 g5
9.Ng1e2 g4
10.f4 Bc8f5
11.h3 h5
12.hxg4 Bf5xg4
13.a3 b5
14.c3 Qd8e7
15.b4 a5
16.Nb1d2 axb4
17.axb4 Ra8xa1
18.Qd1xa1 Qe7xe2
{ resign }
0-1

[Event "Tourn. n8223"]
[Site "www.chess-mail.com"]
[Date "2015.07.20"]
[Round "1"]
[White "Johnmcbride"]
[Black "Amaya"]
[WhiteElo "1820"]
[BlackElo "1990"]
[Result "0-1"]
[Round "1"]
1.e4 e6
2.d3 d5
3.e5 c5
4.Ng1f3 Nb8c6
5.a3 d4
6.Nb1d2 b5
7.Nd2e4 Ng8e7
8.Bc1d2 Ne7d5
9.g3 Bf8e7
10.Bd2g5 O-O
11.Bf1g2 Bc8b7
12.O-O f6
13.exf6 Nd5xf6
14.Bg2h3 e5
15.Bh3e6 Kh8
16.Ne4xf6 Be7xf6
17.Bg5xf6 Rf8xf6
18.Be6g4 Nc6e7
19.Nf3xe5 Qd8d5
20.Ne5f3 Ne7g6
21.Rf1e1 Ra8f8
22.Re1e4 Qd5f7
23.Bg4e6 Rf6xe6
24.Nf3g5 Qf7xf2
25.Kh1 Bb7xe4
26.dxe4 Ng6e5
27.Ng5xe6 Ne5f3
28.Ne6xf8 Qf2xh2

0-1

[Event "Tourn. n8201"]
[Site "www.chess-mail.com"]
[Date "2015.07.20"]
[Round "1"]
[White "Bojan"]
[Black "Samael"]
[WhiteElo "1960"]
[BlackElo "2080"]
[Result "1-0"]
[Round "1"]
1.e4 e5
2.Ng1f3 d6
3.Nb1c3 Ng8f6
4.Bf1c4 h6
5.Nf3h4 Nb8c6
6.a3 Bf8e7
7.h3 Bc8d7
8.Nh4f5 O-O
9.Qd1f3 Bd7xf5
10.exf5 a6
11.Nc3d5 Ra8b8
12.d3 Rf8e8
13.Nd5xf6 Be7xf6
14.Qf3g4 Bf6g5
15.Bc1xg5 Qd8xg5
16.Qg4xg5 hxg5
17.g4 Kf8
18.c3 Rb8d8
19.f3 d5
20.Bc4b3 Nc6a5
21.Bb3c2 f6
22.b4 Na5c6
23.h4 gxh4
24.Rh1xh4 Kf7
25.Kf2 Re8h8
26.Ra1h1 Rh8xh4
27.Rh1xh4 Rd8g8
28.Ke3 g5
29.fxg6 Rg8xg6
30.Kf2 Kg7
31.Kg3 Rg6h6
32.Bc2b3 Rh6xh4
33.Kxh4 d4
34.cxd4 Nc6xd4
35.Bb3d5 c6
36.Bd5e4 Nd4c2
37.d4 Nc2xa3
38.dxe5 fxe5
39.Kg5 Na3c4
40.Kf5 Nc4d6
41.Kxe5 Nd6xe4
42.Kxe4 b6
43.Kd4 a5
44.Kc4  { time }
1-0

[Event "Tourn. n8255"]
[Site "www.chess-mail.com"]
[Date "2015.07.20"]
[Round "1"]
[White "Ruko"]
[Black "Zazi"]
[WhiteElo "1680"]
[BlackElo "1630"]
[Result "1-0"]
[Round "1"]
1.e4 Nb8c6
2.d4 f6
3.Ng1f3 e5
4.dxe5 fxe5
5.Bf1c4 Ng8f6
6.Nf3g5 Qd8e7
7.Bc4f7 Kd8
8.Bf7b3 h6
9.Ng5f7 Ke8
10.Nf7xh8 Nc6d4
11.Nh8g6 Qe7c5
12.Ng6xf8 Kxf8
13.Nb1c3 a5
14.a3 Ra8a6
15.Bc1e3 Ra6d6
16.Qd1c1 Qc5c6
17.O-O Nf6xe4
18.Nc3xe4 Nd4e2
19.Kh1 Ne2xc1
20.Ne4xd6 Nc1xb3
21.cxb3 Qc6xd6
22.Ra1c1 b6
23.Rf1d1 Qd6g6
24.Rc1xc7 Bc8a6
25.Rc7xd7 Kg8
26.Rd7d6 Qg6c2
27.h3 Qc2xb3
28.Be3xb6 Qb3xb2
29.Bb6xa5 Qb2e2
30.Ba5b4 Ba6b7
31.Rd6d2 Qe2e4
32.f3 Qe4f4
33.Rd2d7 Bb7a6
34.Rd1e1 Qf4g3
35.Rd7e7 Qg3f2
36.Re7xe5 Ba6f1
37.Re1xf1 Qf2xf1
38.Kh2 g5
39.Re5e6 Kf7
40.Re6xh6 Qf1b5
41.Rh6h5 Qb5e5
42.Kg1 Kg6
43.g4 Qe5g3
44.Kf1 Qg3xf3
45.Ke1 Qf3f4
46.Bb4d2 Qf4e4
47.Kd1 Qe4d3
48.Rh5xg5 Kf6
49.Rg5h5 Qd3xa3
50.Rh5h6 Ke5
51.g5 Ke4
52.g6 Kd3
53.Ke1 Qa3a8
54.g7 Qa8f3
55.Rh6d6 Kc2
56.g8Q Qf3h1
57.Kf2 Qh1h2
58.Qg8g2 Qh2xd6
59.Bd2e3 Kd3
60.Qg2f1 Kc2
61.Qf1c1 Kb3
62.Qc1b1 Ka3
63.Be3c1 Ka4
64.Qb1a2 Kb5
65.Qa2b3 Ka6
66.Qb3c4 Kb7
67.h4 Qd6h2
68.Ke3 Qh2h3
69.Kd2 Kb6
70.Qc4b4 Ka6
71.Qb4a3 Qh3xa3
72.Bc1xa3 Kb7
73.h5 Kc8
74.h6 Kd7
75.h7 Ke6
76.h8Q Kf5
77.Qh8e8 { resign }
1-0

[Event "Tourn. n8235"]
[Site "www.chess-mail.com"]
[Date "2015.07.20"]
[Round "1"]
[White "Nimzo"]
[Black "Haukia"]
[WhiteElo "2720"]
[BlackElo "2240"]
[Result "1-0"]
[Round "1"]
1.d4 d5
2.c4 c6
3.Ng1f3 Ng8f6
4.e3 Bc8f5
5.Nb1c3 e6
6.Nf3h4 Bf5g6
7.Bf1e2 Nb8d7
8.O-O Bf8d6
9.g3 O-O
10.c5 Bd6c7
11.b4 e5
12.b5 Qd8e8
13.Bc1d2 exd4
14.exd4 Nf6e4
15.Nc3xe4 Qe8xe4
16.Bd2g5 Rf8e8
17.Be2g4 Nd7f8
18.Nh4xg6 Nf8xg6
19.f3 { resign }
1-0

[Event "Tourn. n8217"]
[Site "www.chess-mail.com"]
[Date "2015.07.20"]
[Round "1"]
[White "Hdr"]
[Black "Gambitchess"]
[WhiteElo "1889"]
[BlackElo "1850"]
[Result "0-1"]
[Round "1"]
1.d4 d5
2.c4 e6
3.Nb1c3 Ng8f6
4.cxd5 exd5
5.Bc1g5 c6
6.Qd1c2 Bf8e7
7.e3 O-O
8.Bf1d3 h6
{ resign }
0-1

[Event "Tourn. n8218"]
[Site "www.chess-mail.com"]
[Date "2015.07.20"]
[Round "1"]
[White "Julianlore"]
[Black "Cardiff"]
[WhiteElo "2029"]
[BlackElo "2010"]
[Result "1-0"]
[Round "1"]
1.e4 e6
2.d4 d5
3.e5 c5
4.c3 Qd8b6
5.Ng1f3 Bc8d7
6.a3 Bd7b5
7.c4 Bb5xc4
8.Bf1xc4 dxc4
9.d5 exd5
10.Qd1xd5 Qb6c6
11.Qd5xc4 Ng8e7
12.O-O Nb8d7
13.Nb1c3 a6
14.Rf1d1 b5
15.Qc4e2 g6
16.Rd1d6  { time }
1-0